International health and safety at work : (Record no. 18507)
[ view plain ]
| 000 -LEADER | |
|---|---|
| fixed length control field | 01164cam a2200313 a 4500 |
| 001 - CONTROL NUMBER | |
| control field | 17253587 |
| 005 - DATE AND TIME OF LATEST TRANSACTION | |
| control field | 20141027131158.0 |
| 008 - FIXED-LENGTH DATA ELEMENTS--GENERAL INFORMATION | |
| fixed length control field | 120412s2013 xxka frb 001 0 eng d |
| 010 ## - LIBRARY OF CONGRESS CONTROL NUMBER | |
| LC control number | 2012010328 |
| 020 ## - INTERNATIONAL STANDARD BOOK NUMBER | |
| International Standard Book Number | 9780415535113 (pbk. : alk. paper) |
| 020 ## - INTERNATIONAL STANDARD BOOK NUMBER | |
| International Standard Book Number | 9780415553513 (pbk. : alk. paper) |
| 020 ## - INTERNATIONAL STANDARD BOOK NUMBER | |
| International Standard Book Number | 9780203096291 (ebk.) |
| 040 ## - CATALOGING SOURCE | |
| Original cataloging agency | DLC |
| Transcribing agency | DLC |
| Modifying agency | DLC |
| -- | EG-ScBUE |
| 082 00 - DEWEY DECIMAL CLASSIFICATION NUMBER | |
| Classification number | 363.11 |
| Edition number | 22 |
| Item number | HUG |
| 100 1# - MAIN ENTRY--PERSONAL NAME | |
| Personal name | Hughes, Phil |
| 9 (RLIN) | 36346 |
| Dates associated with a name | 1946- |
| Fuller form of name | (Phillip W.), |
| 245 10 - TITLE STATEMENT | |
| Title | International health and safety at work : |
| Remainder of title | for the NEBOSH international general certificate / |
| Statement of responsibility, etc | Phil Hughes, Ed Ferrett. |
| 250 ## - EDITION STATEMENT | |
| Edition statement | 2nd ed. |
| 260 ## - PUBLICATION, DISTRIBUTION, ETC. (IMPRINT) | |
| Place of publication, distribution, etc | Oxon, United Kingdom ; |
| -- | New York : |
| Name of publisher, distributor, etc | Routledge, |
| Date of publication, distribution, etc | 2013 |
| Place of manufacture | ([New Delhi] : |
| Manufacturer | Replika Press Pvt. Ltd.) |
| 300 ## - PHYSICAL DESCRIPTION | |
| Extent | xxiii, 567 p. : |
| Other physical details | ill. (col.) ; |
| Dimensions | 30 cm. |
| 500 ## - GENERAL NOTE | |
| General note | Index : p. 555-567. |
| 500 ## - GENERAL NOTE | |
| General note | Includes appendixes |
| 504 ## - BIBLIOGRAPHY, ETC. NOTE | |
| Bibliography, etc | Bibliography : p. 498. |
| 650 #0 - SUBJECT ADDED ENTRY--TOPICAL TERM | |
| Topical term or geographic name as entry element | Industrial safety |
| General subdivision | Examinations |
| Form subdivision | Study guides |
| 9 (RLIN) | 36347 |
| 650 #0 - SUBJECT ADDED ENTRY--TOPICAL TERM | |
| Topical term or geographic name as entry element | Industrial hygiene |
| General subdivision | Examinations |
| Form subdivision | Study guides |
| 9 (RLIN) | 36348 |
| 653 ## - INDEX TERM--UNCONTROLLED | |
| Resource For college | Engineering, Mechanical |
| Arrived date list | October2014 |
| 655 ## - INDEX TERM--GENRE/FORM | |
| Form subdivision | |
| -- | 33728 |
| 700 1# - ADDED ENTRY--PERSONAL NAME | |
| Personal name | Ferrett, Ed |
| 9 (RLIN) | 36349 |
| 942 ## - ADDED ENTRY ELEMENTS (KOHA) | |
| Source of classification or shelving scheme | Dewey Decimal Classification |
| Call number prefix | 363.11 HUG |
| Withdrawn status | Item status | Source of classification or shelving scheme | Damaged status | Not for loan | Vendor | Home library | Current library | Shelving location | Date acquired | Source of acquisition | Cost, normal purchase price | Total Checkouts | Full call number | Barcode | Date last seen | Cost, replacement price | Koha item type | Total Renewals | Date last borrowed |
|---|---|---|---|---|---|---|---|---|---|---|---|---|---|---|---|---|---|---|---|
| Dewey Decimal Classification | Baccah | Central Library | Central Library | First floor | 27/10/2014 | 380.00 | 363.11 HUG | 000036816 | 15/07/2025 | 475.00 | NB - Book (Non borrowing) | ||||||||
| Dewey Decimal Classification | Baccah | Central Library | Central Library | First floor | 27/10/2014 | 380.00 | 363.11 HUG | 000036817 | 15/07/2025 | 475.00 | Book - Borrowing | ||||||||
| Dewey Decimal Classification | Baccah | Central Library | Central Library | First floor | 27/10/2014 | 380.00 | 1 | 363.11 HUG | 000036818 | 15/07/2025 | 475.00 | Book - Borrowing | 2 | 04/12/2019 | |||||
| Dewey Decimal Classification | Baccah | Central Library | Central Library | First floor | 27/10/2014 | 1 | 363.11 HUG | 000036819 | 15/07/2025 | Book - Borrowing | 4 | 28/09/2019 | |||||||
| Dewey Decimal Classification | Baccah | Central Library | Central Library | First floor | 27/10/2014 | 363.11 HUG | 000036820 | 15/07/2025 | Book - Borrowing | ||||||||||
| Dewey Decimal Classification | Baccah | Central Library | Central Library | First floor | 27/10/2014 | 1 | 363.11 HUG | 000036821 | 15/07/2025 | Book - Borrowing | 2 | 17/02/2016 | |||||||
| Dewey Decimal Classification | Baccah | Central Library | Central Library | First floor | 27/10/2014 | 363.11 HUG | 000036822 | 15/07/2025 | Book - Borrowing | ||||||||||
| Dewey Decimal Classification | Baccah | Central Library | Central Library | First floor | 27/10/2014 | 363.11 HUG | 000036823 | 15/07/2025 | Book - Borrowing | ||||||||||
| Dewey Decimal Classification | Baccah | Central Library | Central Library | First floor | 27/10/2014 | 363.11 HUG | 000036824 | 15/07/2025 | Book - Borrowing | ||||||||||
| Dewey Decimal Classification | Baccah | Central Library | Central Library | First floor | 27/10/2014 | 363.11 HUG | 000036825 | 15/07/2025 | Book - Borrowing |